| 000 | 00963cab a22001935a 4500 | ||
|---|---|---|---|
| 001 | L158888 | ||
| 008 | 150904e2015 xxk 000 0 eng d | ||
| 035 | _a(Sirsi) u158888 | ||
| 041 | 0 | _aeng | |
| 245 | 0 | 0 |
_aWoolway (VO) v Mazars _h[electronic resource] |
| 260 | _c2015 | ||
| 520 | _a[2015] UKSC 53, 29 July 2015. Question at issue is how different storeys under common occupation in the same block are to be entered into the rating list. "Held" that in a multi-storey building, separate floors with the same occupier linked by shared common parts must be entered in the rating list as separate hereditaments. Geographical and functional tests considered. "Appeal" dismissed. | ||
| 590 | _aKA | ||
| 650 | 2 | 4 | _aWOOLWAY (V0) V MAZARS |
| 650 | 2 | 4 | _aGILBERT (VO) V S HICKINBOTTOM & SONS LTD |
| 690 |
_aFinance & Taxation _96241 |
||
| 856 | 4 | 0 |
_uhttps://www.bailii.org/uk/cases/UKSC/2015/53.html _zView the law report free of charge at www.bailii.org |
| 942 | _n0 | ||
| 999 |
_c84724 _d84724 |
||